000 00214 a2200109 4500
020 _a9788426363015
041 _aspa
100 _aCarmen Arrospide Roman
245 _aFisica y quimica
942 _cBK
952 _71
999 _c21422
_d21422